স্বাস্থ্য পরিচর্যায় ভেষজ উদ্ভিদ=Medicinal Plants in the Health Care / (Record no. 71078)
[ view plain ]
| 000 -LEADER | |
|---|---|
| fixed length control field | 01187nam a2200265 a 4500 |
| 001 - CONTROL NUMBER | |
| control field | 71078 |
| 003 - CONTROL NUMBER IDENTIFIER | |
| rucl marc code | BD-RjUL |
| 005 - DATE AND TIME OF LATEST TRANSACTION | |
| control field | 20211209082056.0 |
| 008 - FIXED-LENGTH DATA ELEMENTS--GENERAL INFORMATION | |
| fixed length control field | 170424s2005 bg a|||| b||| 00| 0 ben d |
| 020 ## - INTERNATIONAL STANDARD BOOK NUMBER | |
| Terms of availability | : TK. 160.00 |
| 035 ## - SYSTEM CONTROL NUMBER | |
| System control number | (BD-RjUL)71293 |
| 040 ## - CATALOGING SOURCE | |
| Original cataloging agency | BD-RjUL |
| Language of cataloging | ben |
| Transcribing agency | BD-RjUL |
| Modifying agency | BD-RjUL |
| 041 ## - LANGUAGE CODE | |
| Language code of text/sound track or separate title | ben |
| 082 ## - DEWEY DECIMAL CLASSIFICATION NUMBER | |
| Edition number | 23 |
| Classification number | 615.321 |
| Author mark and year | SAS 2005 |
| 245 ## - TITLE STATEMENT | |
| Title | স্বাস্থ্য পরিচর্যায় ভেষজ উদ্ভিদ=Medicinal Plants in the Health Care / |
| Statement of responsibility, etc. | জসিম উদ্দিন চৌধুরী.....[অন্যান্য].. |
| 260 ## - PUBLICATION, DISTRIBUTION, ETC. (IMPRINT) | |
| Place of publication, distribution, etc. | চট্টগ্রাম : |
| Name of publisher, distributor, etc. | বিসিএসআইআর গবেষণাগার, |
| Date of publication, distribution, etc. | ২০০৫. |
| 300 ## - PHYSICAL DESCRIPTION | |
| Pagination | ১৯৫ পৃ. : |
| Illustrations | চিত্র. ; |
| Size | ২৪ সে.মি. |
| 504 ## - BIBLIOGRAPHY, ETC. NOTE | |
| Bibliography, etc | গ্রস্থপঞ্জি সংযুক্ত. |
| 650 ## - SUBJECT ADDED ENTRY--TOPICAL TERM | |
| Topical term or geographic name as entry element | উদ্ভিদ থেকে প্রাপ্ত ড্রাগ |
| 9 (RLIN) | 210305 |
| Topical term or geographic name as entry element | Drugs Derived from Plants |
| 9 (RLIN) | 203413 |
| Topical term or geographic name as entry element | ভেষজ উদ্ভিদ |
| 9 (RLIN) | 161041 |
| Topical term or geographic name as entry element | Medicinal Plants |
| 9 (RLIN) | 211462 |
| 700 ## - ADDED ENTRY--PERSONAL NAME | |
| Personal name | চৌধুরী, জসিম উদ্দিন |
| 942 ## - ADDED ENTRY ELEMENTS (KOHA) | |
| Source of classification or shelving scheme | Dewey Decimal Classification |
| Koha item type | Books |
| Lost status | Source of classification or shelving scheme | Damaged status | Not for loan | Collection code | Permanent Location | Current Location | Shelving location | Date acquired | Total Checkouts | Full call number | Date last seen | Copy number | Koha item type |
|---|---|---|---|---|---|---|---|---|---|---|---|---|---|
| Dewey Decimal Classification | Not For Loan | Non-fiction | Central Library, University of Rajshahi | Central Library, University of Rajshahi | Reading Room | 09/12/2021 | B 615.321 SAS 2005 | 24/04/2017 | C-1 | Books |